Classement perpétuel de la coupe du monde de la FIFA - Statistiques

Statistiques générales
  • Ce quiz a été pris 1 629 fois
    1 465 depuis la dernière actualisation
  • Le résultat moyen est 16 sur 20
Statistiques - réponses
Rang Points Pays % Correct
1 247 Brésil
100%
5 131 France
100%
2 225 Allemagne
99%
3 158 Argentine
99%
4 156 Italie
97%
7 110 Espagne
96%
6 118 Angleterre
93%
13 57 Portugal
92%
9 88 Uruguay
86%
8 104 Pays-Bas
85%
10 73 Belgique
84%
12 66 Mexique
73%
11 70 Suède
72%
17 50 Suisse
72%
19 47 Croatie
71%
14 57 Pologne
64%
16 51 URSS
59%
15 56 Yougoslavie
56%
18 48 Hongrie
54%
20 40 Autriche
47%
Aucun quiz correspondant
Distribution des résultats
% des personnes avec chaque résultat
Percentile par nombre de réponses
Votre historique - résultats
Vous n’avez pas pris ce quiz depuis la dernière actualisation